000 00960ntm a22003617a 4500
005 20251010141814.0
008 200828b2017 xxu||||| |||| 00| 0 spa d
020 _a9786076104422
041 _aESP
082 _a363.25 G993c
100 _aGuzmán Gamboa, Enrique
245 _aCriminalística actualizada en la investigación de homicidios
260 _aMéxico
260 _bFlores
260 _c2017
300 _a153 páginas
490 _aInvestigación Criminal
650 _aCRIMINALÍSTICA
650 _aDELITO DE HOMICIDIO
650 _aINVESTIGACIÓN DE HOMICIDIOS
650 _aPERITOS
650 _aLESIONES MORTALES
650 _aMUERTES SÚBITAS
650 _aMUERTES SOSPECHOSAS
650 _aINDICIOS
650 _aEVIDENCIAS
650 _aESCENA DEL CRIMEN
650 _aCADÁVER
650 _aFIJACIÓN DEL HOMICIDIO
650 _aAGENTE DE POLICÍA
650 _aHOMICIDIOS SERIALES
942 _cBK
_2ddc
999 _c12688
_d12688